[Event "Reykjavik Open 2016"]
[Site "Reykjavik ISL"]
[Date "2016.03.12"]
[Round "6.37"]
[White "Jameson, David"]
[Black "Viana, Dirceu"]
[Result "0-1"]
[BlackTitle "FM"]
[WhiteElo "2103"]
[BlackElo "2261"]
[WhiteFideId "1801538"]
[BlackFideId "2101360"]
[EventDate "2016.03.08"]

1. e4 e6 2. d4 d5 3. Nd2 Nf6 4. Bd3 b6 5. e5 Nfd7 6. Qe2 c5 7. c3 Nc6 8. Bb5 Qc7
9. Ngf3 a6 10. Bxc6 Qxc6 11. O-O a5 12. Re1 Ba6 13. Qe3 Be7 14. Nf1 Bxf1 15.
Kxf1 O-O 16. Qd3 Rfe8 17. Bg5 Bf8 18. h4 b5 19. h5 a4 20. a3 cxd4 21. Qxd4 Qc4+
22. Re2 Nc5 23. Rd1 Nb3 24. Qh4 Qxh4 25. Bxh4 Bc5 26. Bg5 Na5 27. Be3 Bxe3 28.
Rxe3 Nc4 29. Re2 Ra6 30. Rd3 Rb6 31. Nd4 Na5 32. Ke1 Nb7 33. f3 Kf8 34. Kf2 Nc5
35. Rde3 Ke7 36. Re1 Rf8 37. Rd1 Kd7 38. Nc2 f6 39. Nb4 Nb7 40. Nd3 Rc6 41. h6
f5 42. hxg7 Rg8 43. Nf4 Ke7 44. Nh5 Rc4 45. Rh1 Na5 46. Nf6 Rxg7 47. Rxh7 Rxh7
48. Nxh7 Rh4 49. Ng5 Rh1 50. f4 Nc4 51. Re2 Rb1 52. Nf3 Nxb2 53. Nd4 Nc4 54. Ra2
Rb3 55. Nxb3 axb3 56. Ra1 Nd2 0-1

[Event "Reykjavik Open 2016"]
[Site "Reykjavik ISL"]
[Date "2016.03.12"]
[Round "6.38"]
[White "Santeramo, Alessia"]
[Black "Einarsson, Halldor Gretar"]
[Result "0-1"]
[WhiteTitle "WFM"]
[BlackTitle "FM"]
[WhiteElo "2095"]
[BlackElo "2245"]
[WhiteFideId "850810"]
[BlackFideId "2300150"]
[EventDate "2016.03.08"]

1. e4 c5 2. Nf3 Nc6 3. Bb5 g6 4. Bxc6 bxc6 5. O-O Bg7 6. Re1 Nh6 7. c3 O-O 8. d3
e5 9. Bxh6 Bxh6 10. Nxe5 d6 11. Ng4 Bg7 12. Ne3 Rb8 13. Qc2 f5 14. Nd2 d5 15.
exf5 gxf5 16. Rab1 f4 17. Nef1 Bf5 18. b3 Qf6 19. Rbd1 Bg4 20. Rc1 Qg6 21. Kh1
Bf5 22. Nf3 Bxd3 23. Qd1 Be4 24. N1d2 Rbd8 25. Qe2 Rfe8 26. Qa6 Rd7 27. c4 Bb2
28. Rcd1 Rg7 29. Rg1 Bd3 30. Qa5 Qd6 31. b4 cxb4 32. c5 Qb8 33. Qa4 Qb5 34. Qxb5
Bxb5 35. Nb3 Ba4 36. Rb1 Bc3 37. Nbd4 Rge7 38. g3 fxg3 39. Nf5 Re2 40. Rxg3+ Kf8
41. Rbg1 Kf7 42. Ng5+ Kf6 43. Rf3 Ke5 44. Nf7+ Ke4 45. Ng5+ Ke5 46. Nf7+ Ke6 47.
N7d6 Rb8 48. Rxc3 bxc3 49. Nd4+ Kf6 50. Nxe2 c2 51. Nc1 Ke5 52. Ne2 Rb1 53. f4+
Kf6 54. Nc1 Rb4 55. f5 Rd4 56. Rf1 Rd1 57. Kg1 d4 58. Ne4+ Ke5 59. f6 Bb5 60.
Ng3 Bxf1 61. Nxf1 Rxc1 0-1

[Event "Reykjavik Open 2016"]
[Site "Reykjavik ISL"]
[Date "2016.03.12"]
[Round "6.39"]
[White "Haugli, Petter"]
[Black "Bruun, Henrik Emil"]
[Result "1/2-1/2"]
[WhiteTitle "IM"]
[WhiteElo "2244"]
[BlackElo "2123"]
[WhiteFideId "1500104"]
[BlackFideId "1410334"]
[EventDate "2016.03.08"]

1. d4 Nf6 2. c4 g6 3. Nc3 Bg7 4. e4 d6 5. Nf3 O-O 6. Be2 e5 7. O-O Nc6 8. Be3
Nd7 9. Re1 a5 10. Qd2 exd4 11. Nxd4 Re8 12. Rad1 Nb4 13. Ndb5 b6 14. f3 Nc5 15.
Bf1 Bb7 16. a3 Nb3 17. Qf2 Na6 18. Na4 Re6 19. Qc2 Nbc5 20. Nd4 Re8 21. Nc3 Qh4
22. Qf2 Qe7 23. Nd5 Qd7 24. Qh4 Bxd5 25. cxd5 Qe7 26. Bg5 f6 27. Be3 Rf8 28. Bb5
Kh8 29. Bd2 Qf7 30. Bc3 a4 31. Qf2 Nb8 32. Qc2 h5 33. f4 Kh7 34. f5 g5 35. Ne6
Rc8 36. e5 dxe5 37. Bxe5 Kh6 38. Bd4 Ra5 39. Bc4 Nbd7 40. d6 cxd6 41. Nxc5 d5
42. Bxd5 Qxd5 43. Bf2 Qf7 44. Rxd7 Qxd7 45. Nxd7 Rxc2 46. Nxb6 Rxf5 47. Bd4 Rf4
48. Rd1 Rc6 49. Nd5 Re4 50. Nc3 Ree6 51. Nxa4 Red6 52. Nc3 Bf8 53. Kf2 f5 54.
Nb5 Rc2+ 55. Kf1 Re6 56. Bc3 Re4 57. Nd4 Rf4+ 58. Kg1 Bc5 59. g3 Re4 60. Kh1
Bxd4 61. Rxd4 Rxd4 62. Bxd4 h4 63. gxh4 g4 64. a4 f4 65. a5 Rd2 66. Be5 Rd1+ 67.
Kg2 f3+ 68. Kf2 Rd2+ 69. Kf1 Kh5 70. b4 Rd1+ 71. Kf2 Rd2+ 72. Kf1 Kxh4 73. a6
Rd1+ 74. Kf2 Rd2+ 75. Kf1 Rd1+ 1/2-1/2

[Event "Reykjavik Open 2016"]
[Site "Reykjavik ISL"]
[Date "2016.03.12"]
[Round "6.40"]
[White "Dietzsch, Herbert"]
[Black "Ragnarsson, Dagur"]
[Result "1-0"]
[BlackTitle "FM"]
[WhiteElo "2090"]
[BlackElo "2243"]
[WhiteFideId "4608364"]
[BlackFideId "2304058"]
[EventDate "2016.03.08"]

1. e4 e6 2. d4 d5 3. Nc3 Bb4 4. e5 c5 5. Bd2 Nc6 6. Nb5 Bxd2+ 7. Qxd2 cxd4 8.
Nd6+ Kf8 9. f4 Nge7 10. Nf3 Qb6 11. O-O-O Bd7 12. Bd3 Nc8 13. Nxc8 Rxc8 14. Kb1
g6 15. g4 h5 16. h3 Qa5 17. Qxa5 Nxa5 18. Nxd4 Nc4 19. Rde1 Ke7 20. b3 Na5 21.
f5 gxf5 22. gxf5 Rcg8 23. f6+ Kf8 24. Rhg1 Nc6 25. Nf3 h4 26. Rg4 Rh5 27. Rxg8+
Kxg8 28. c3 Kf8 29. Kc2 Bc8 30. a3 Rh8 31. Rg1 Rh5 32. Rc1 Rh8 33. Rg1 Rh5 34.
Rg7 Nxe5 35. Nxe5 Rxe5 36. Bh7 Ke8 37. Rg8+ Kd7 38. Rf8 Re2+ 39. Kd3 Rf2 40.
Rxf7+ Kd6 41. Ke3 Rf1 42. Bd3 Rh1 43. Rf8 e5 44. Rd8+ Ke6 45. Bf5+ Kxf6 46. Bxc8
Rb1 47. b4 Rb3 48. Kd2 Rxa3 49. Rxd5 b6 50. Rd8 Ra2+ 51. Ke3 Rc2 52. Kd3 Rg2 53.
Rh8 Rg3+ 54. Kc2 Kg5 55. Bg4 e4 56. Rh5+ Kf4 57. Rxh4 Rg2+ 58. Kb3 e3 59. Rh7 a5
60. Rf7+ Ke5 61. bxa5 bxa5 62. Rf5+ Ke4 63. Rxa5 Rh2 64. Ra7 Kd3 65. Rd7+ Ke4
66. Kc4 Ra2 67. Re7+ Kf4 68. Rf7+ Ke4 69. Bf3+ Ke5 70. Kd3 Ra3 71. Bg4 Rb3 72.
Rf3 e2 73. Re3+ Kf4 74. Rxe2 Rb8 75. c4 Rb3+ 76. Kd4 Rb4 77. Rf2+ Kg3 78. Rf3+
Kh4 79. Kd5 Rb2 80. Rd3 Rb8 81. c5 Rd8+ 82. Kc4 Rf8 83. c6 Rf6 84. Kc5 Rf1 85.
c7 Rc1+ 86. Kd6 Kg5 87. Kd7 Kh4 88. c8=Q Rc5 89. Qd8+ Rg5 90. Qh8+ 1-0

[Event "Reykjavik Open 2016"]
[Site "Reykjavik ISL"]
[Date "2016.03.12"]
[Round "6.41"]
[White "Lind, Jan-Olov"]
[Black "Thorhallsson, Gylfi"]
[Result "1-0"]
[WhiteElo "2234"]
[BlackElo "2089"]
[WhiteFideId "1701193"]
[BlackFideId "2300800"]
[EventDate "2016.03.08"]

1. e4 c5 2. Nf3 Nc6 3. d3 d6 4. g3 e6 5. Bg2 Be7 6. c3 Nf6 7. O-O O-O 8. Re1 Qc7
9. d4 cxd4 10. cxd4 b5 11. d5 exd5 12. exd5 Nb4 13. Nc3 Rb8 14. Nd4 Bg4 15. Qd2
Rfe8 16. a3 Na6 17. Ncxb5 Qd7 18. Nc3 Bf8 19. Rxe8 Rxe8 20. b4 Nc7 21. Bb2 Bh3
22. Bh1 Ng4 23. Nc6 g6 24. Re1 Bg7 25. Rxe8+ Qxe8 26. Bf3 Ne5 27. Nxe5 Qxe5 28.
Qe3 h5 29. Nd1 Qxe3 30. fxe3 Bd7 31. Kf2 Ba4 32. Bxg7 Kxg7 33. Nc3 Bb3 34. e4
Kf6 35. Ke3 Ke5 36. a4 Na6 37. b5 Nc5 38. a5 Bc4 39. a6 Nd7 40. Be2 Nb6 41. Bxc4
Nxc4+ 42. Kd3 Nb2+ 43. Kc2 Nc4 44. Kb3 Nb6 45. Na4 Nc8 46. Nc3 Kd4 47. Kb4 g5
48. Kb3 Nb6 49. Na4 Nc8 50. b6 axb6 51. Kb4 Kxe4 52. Kb5 f5 53. Kc6 f4 54. gxf4
gxf4 55. Nb2 Ke3 56. Kb7 Ke2 57. Kxc8 f3 58. a7 f2 59. a8=Q f1=Q 60. Qa6+ Ke1
61. Qxf1+ Kxf1 62. Nc4 Kg2 63. Nxd6 Kxh2 64. Nc4 1-0

[Event "Reykjavik Open 2016"]
[Site "Reykjavik ISL"]
[Date "2016.03.12"]
[Round "6.43"]
[White "O'Gorman, Tom"]
[Black "Edvardsson, Kristjan"]
[Result "1-0"]
[WhiteElo "2067"]
[BlackElo "2228"]
[WhiteFideId "2508249"]
[BlackFideId "2300893"]
[EventDate "2016.03.08"]

1. e4 c5 2. Nf3 e6 3. d4 cxd4 4. Nxd4 Nc6 5. Nxc6 bxc6 6. Bd3 Nf6 7. O-O d5 8.
e5 Nd7 9. f4 Qb6+ 10. Kh1 Nc5 11. Nc3 Nxd3 12. cxd3 Be7 13. d4 O-O 14. Rf3 f5
15. Na4 Qb4 16. a3 Qb5 17. Rc3 a5 18. Be3 Rb8 19. Rac1 Bd7 20. Qc2 Rfd8 21. Rb1
Bb4 22. axb4 axb4 23. Rc5 b3 24. Qd1 Qxa4 25. Ra1 Qb4 26. Rca5 Rdc8 27. h3 c5
28. dxc5 Qe4 29. Qd2 Bc6 30. Bd4 g5 31. fxg5 f4 32. Re1 Qf5 33. Rf1 Rf8 34. Rf3
Qxg5 35. Ra3 Be8 36. Raxb3 Rc8 37. Rg3 Qxg3 38. Rxg3+ fxg3 39. Qg5+ Kh8 40. Qxg3
Bg6 41. Be3 Rf1+ 42. Kh2 Rg8 43. Bg5 Be4 44. Qh4 Rg6 45. c6 Rf7 46. g4 d4 47.
Bf6+ Kg8 48. g5 Bxc6 49. Qxd4 Rd7 50. Qc3 Bb7 51. h4 Kf7 52. h5 Rg8 53. Qc2 Ke8
54. g6 hxg6 55. hxg6 Ba6 56. g7 Kf7 57. Qc6 Bc8 58. Qf3 Rxg7 59. Bxg7+ Kxg7 60.
Qf6+ Kh7 61. Kg3 Rd3+ 62. Kf4 Bd7 63. b4 Rd1 64. Qh4+ 1-0

[Event "Reykjavik Open 2016"]
[Site "Reykjavik ISL"]
[Date "2016.03.12"]
[Round "6.44"]
[White "Thorsteinsdottir, Gudlaug"]
[Black "Johannsson, Orn Leo"]
[Result "1/2-1/2"]
[WhiteTitle "WFM"]
[WhiteElo "2047"]
[BlackElo "2194"]
[WhiteFideId "2300753"]
[BlackFideId "2303051"]
[EventDate "2016.03.08"]

1. d4 d5 2. c4 c6 3. Nf3 e6 4. Nc3 Nd7 5. cxd5 cxd5 6. Bf4 a6 7. e3 Ngf6 8. Bd3
Be7 9. h3 O-O 10. a4 b6 11. O-O Bb7 12. Qc2 Re8 13. Rac1 Nf8 14. Ne5 Ng6 15. Bg5
Nd7 16. Bxe7 Qxe7 17. f4 Ngf8 18. Rf3 f6 19. Nxd7 Qxd7 20. Qb3 Qd6 21. f5 e5 22.
Be4 Rad8 23. dxe5 Rxe5 24. Bb1 Nd7 25. Ne2 Nc5 26. Qa2 Qe7 27. Rc3 a5 28. Nd4
Qd7 29. Bc2 Rde8 30. Qa3 Qe7 31. Qa1 Qd6 32. Qd1 R8e7 33. Qb1 Qd7 34. Qd1 Qe8
35. Kf2 Bc8 36. g4 Bd7 37. Ra3 Nb7 38. Qd2 Nd6 39. b3 Nf7 40. Ra1 h5 41. gxh5
Ng5 42. Rg3 Qxh5 43. Rh1 Qh4 44. Kg2 Nf7 45. Re1 Nd6 46. Nf3 Qh6 47. Nxe5 Rxe5
48. Qd4 Bxf5 49. Qxb6 Be4+ 50. Bxe4 Nxe4 51. Rg4 Rf5 52. Re2 Ng5 53. h4 Qh5 54.
Qb8+ Kh7 55. Qg3 Rf3 56. hxg5 Rxg3+ 57. Kxg3 Qe8 58. gxf6 Qe5+ 59. Kh3 Qxf6 60.
Reg2 Qf3+ 61. Kh2 g6 62. Rxg6 Qh5+ 63. Kg1 Qd1+ 64. Kf2 Qc2+ 65. Kf3 Qf5+ 66.
Ke2 Qc2+ 1/2-1/2

[Event "Reykjavik Open 2016"]
[Site "Reykjavik ISL"]
[Date "2016.03.12"]
[Round "6.45"]
[White "Haynes, Nicolas"]
[Black "Ruonala, Robert"]
[Result "0-1"]
[WhiteElo "2182"]
[BlackElo "2048"]
[WhiteFideId "2607271"]
[BlackFideId "1724703"]
[EventDate "2016.03.08"]

1. c4 c6 2. g3 d5 3. Bg2 Nf6 4. Qc2 g6 5. Nf3 Bg7 6. O-O O-O 7. d4 Bf5 8. Qb3
Qb6 9. cxd5 Qxb3 10. axb3 cxd5 11. Nc3 e6 12. Ne5 Nc6 13. Nxc6 bxc6 14. Bf4 Nd7
15. e4 dxe4 16. Nxe4 Bxd4 17. Nd6 e5 18. Bh6 Rfd8 19. Bxc6 Rab8 20. Bg5 f6 21.
Be3 Bh3 22. Rfd1 Nc5 23. Bxd4 exd4 24. Rxd4 Rb6 25. Bd5+ Kf8 26. Nc4 Rb4 27.
Rxa7 Be6 28. Bxe6 Rxd4 29. Bh3 Rxb3 30. Bf1 h5 31. Rc7 Ne4 32. Kg2 g5 33. h3 Nd2
34. Nxd2 Rxd2 35. Bc4 Rb6 36. b3 Rc2 37. Rd7 Ke8 38. Rd3 Ke7 39. Re3+ Kd7 40.
Rd3+ Rd6 41. Rf3 Ke7 42. Re3+ Kf8 43. Be2 Rdd2 44. Kf1 Rc1+ 45. Kg2 Re1 0-1

[Event "Reykjavik Open 2016"]
[Site "Reykjavik ISL"]
[Date "2016.03.12"]
[Round "6.46"]
[White "Moller, Agnar T"]
[Black "Johannesson, Oliver"]
[Result "0-1"]
[BlackTitle "FM"]
[WhiteElo "1882"]
[BlackElo "2177"]
[WhiteFideId "2303469"]
[BlackFideId "2305623"]
[EventDate "2016.03.08"]

1. Nf3 d5 2. d4 Nf6 3. c4 c6 4. Qc2 dxc4 5. Qxc4 Bg4 6. Nc3 Nbd7 7. e4 e5 8. Be3
Bd6 9. Be2 Qe7 10. O-O O-O 11. Rfe1 Rfd8 12. a4 Nb6 13. Qb3 Bxf3 14. Bxf3 exd4
15. Bxd4 Bxh2+ 16. Kxh2 Rxd4 17. a5 Nc4 18. Ra4 Qe5+ 0-1

[Event "Reykjavik Open 2016"]
[Site "Reykjavik ISL"]
[Date "2016.03.12"]
[Round "6.47"]
[White "Papp, Petra"]
[Black "Pashkov, Vladimir M."]
[Result "1-0"]
[WhiteTitle "WGM"]
[WhiteElo "2325"]
[BlackElo "1881"]
[WhiteFideId "739049"]
[BlackFideId "24194778"]
[EventDate "2016.03.08"]

1. e4 c5 2. Nf3 Nf6 3. e5 Nd5 4. Nc3 e6 5. Nxd5 exd5 6. d4 Nc6 7. dxc5 Bxc5 8.
Qxd5 Qb6 9. Bc4 Bxf2+ 10. Ke2 O-O 11. Rf1 Bc5 12. Ng5 Nd4+ 13. Kd1 Ne6 14. Ne4
Be7 15. c3 Qc6 16. Qd3 Nc5 17. Nxc5 Qxc5 18. Bf4 d6 19. exd6 Bg4+ 20. Kc1 Bg5
21. Qd5 Bxf4+ 22. Rxf4 Qe3+ 23. Qd2 Qxd2+ 24. Kxd2 Be6 25. Bxe6 fxe6 26. Ke3
Rad8 27. Rxf8+ Kxf8 28. Rd1 Ke8 29. c4 Kd7 30. c5 Rf8 31. Rd2 Rf1 32. Rf2 Rc1
33. Rf7+ Kc8 34. Rc7+ Kb8 35. Rxg7 Kc8 36. Rc7+ Kd8 37. Rxh7 Rxc5 38. Rxb7 a5
39. g4 Rc2 40. h4 Rc4 41. Kf3 a4 42. h5 e5 43. h6 1-0

[Event "Reykjavik Open 2016"]
[Site "Reykjavik ISL"]
[Date "2016.03.12"]
[Round "6.48"]
[White "Raddatz, Michael"]
[Black "Wahlbom, Magnus"]
[Result "0-1"]
[WhiteElo "2023"]
[BlackElo "2229"]
[WhiteFideId "4613252"]
[BlackFideId "1700685"]
[EventDate "2016.03.08"]

1. e4 c5 2. Nf3 d6 3. d4 cxd4 4. Nxd4 Nf6 5. Nc3 a6 6. Bg5 e6 7. f4 Qb6 8. Nb3
Nc6 9. Qd2 Be7 10. O-O-O O-O 11. Be2 Qc7 12. g4 b5 13. Bxf6 gxf6 14. g5 fxg5 15.
Bd3 Bb7 16. Rhg1 Kh8 17. h4 gxf4 18. Qxf4 Ne5 19. Nd4 Rg8 20. Kb1 Rxg1 21. Rxg1
Rg8 22. Rxg8+ Kxg8 23. h5 Qc5 24. Qg3+ Kh8 25. Nce2 Nxd3 26. cxd3 Qxh5 27. Qf2
Kg7 28. a3 Qg4 29. Qh2 h5 30. Nf4 h4 31. Ka2 Bf6 32. Nfe2 Be5 0-1

[Event "Reykjavik Open 2016"]
[Site "Reykjavik ISL"]
[Date "2016.03.12"]
[Round "6.49"]
[White "Ptacnikova, Lenka"]
[Black "Stray, Gunnar"]
[Result "1/2-1/2"]
[WhiteTitle "WGM"]
[WhiteElo "2192"]
[BlackElo "2050"]
[WhiteFideId "305650"]
[BlackFideId "1501631"]
[EventDate "2016.03.08"]

1. e4 c5 2. Nf3 e6 3. d4 cxd4 4. Nxd4 a6 5. Nc3 Qc7 6. g3 Nc6 7. Bg2 Nf6 8. O-O
Nxd4 9. Qxd4 Bc5 10. Qd3 h5 11. Bf4 e5 12. Bg5 Bd4 13. Bxf6 Bxc3 14. Bxg7 Rg8
15. bxc3 Rxg7 16. Qf3 Rg8 17. Qxh5 d6 18. Qh7 Rf8 19. Rad1 Be6 20. Bh3 Bxa2 21.
Rd2 Rd8 22. Rfd1 Qe7 23. Qh6 f6 24. Qg6+ Bf7 25. Qh6 Be6 26. Bxe6 Qxe6 27. Qe3
Rf7 28. Qb6 Rfd7 29. h4 Ke7 30. Rd5 Rc8 31. Qe3 Rc6 32. Kg2 Kd8 33. h5 Kc7 34.
Rh1 f5 35. h6 Rh7 36. Rd3 fxe4 37. Qxe4 Rxh6 38. Rxh6 Qxh6 39. g4 Qe6 40. Rh3 d5
41. Rh7+ Kb8 42. Qb4 Rb6 43. Qf8+ Ka7 44. Rg7 d4 45. cxd4 Qd5+ 46. Qf3 Qxd4 47.
c3 Qc5 48. Rf7 Rb3 49. g5 e4 50. Qf6 Rb5 51. g6 Qg5+ 52. Qxg5 Rxg5+ 53. Kf1 Rxg6
54. Re7 Rc6 55. Rxe4 Rxc3 56. f4 b5 57. Ke2 Kb6 58. f5 Rc6 59. Rf4 Rf6 60. Kf3
a5 61. Ke4 a4 62. Ke5 Rf8 63. f6 a3 64. Kd4 a2 65. Rf1 a1=Q+ 66. Rxa1 Rxf6 67.
Kc3 Kc5 68. Rh1 Rf3+ 69. Kb2 Rf4 70. Kb3 Rf3+ 1/2-1/2

[Event "Reykjavik Open 2016"]
[Site "Reykjavik ISL"]
[Date "2016.03.12"]
[Round "6.50"]
[White "Birkisson, Bardur Orn"]
[Black "Schou-Moldt, Thomas"]
[Result "0-1"]
[WhiteElo "2017"]
[BlackElo "2186"]
[WhiteFideId "2310597"]
[BlackFideId "1401297"]
[EventDate "2016.03.08"]

1. d4 g6 2. e4 d6 3. Nc3 Nf6 4. f4 Bg7 5. Nf3 O-O 6. Bd3 Nc6 7. O-O e5 8. fxe5
dxe5 9. d5 Nd4 10. Nxe5 Nxe4 11. Nxe4 Bxe5 12. Bh6 Qh4 13. Bg5 Qxh2+ 14. Kf2 f6
15. Be3 f5 16. Ke1 fxe4 17. Rxf8+ Kxf8 18. Bxe4 Qh4+ 19. Kd2 Qxe4 20. Bh6+ Kg8
21. Qf1 Qxc2+ 0-1

[Event "Reykjavik Open 2016"]
[Site "Reykjavik ISL"]
[Date "2016.03.12"]
[Round "6.51"]
[White "Baer, Samuel"]
[Black "Ingvason, Johann"]
[Result "1/2-1/2"]
[WhiteElo "2003"]
[BlackElo "2171"]
[WhiteFideId "1310518"]
[BlackFideId "2301431"]
[EventDate "2016.03.08"]

1. d4 d5 2. c4 e6 3. Nf3 c6 4. Nc3 Nd7 5. cxd5 cxd5 6. g3 Ngf6 7. Bg2 a6 8. Bf4
Nh5 9. Bd2 b5 10. O-O Bb7 11. Re1 Nhf6 12. e4 Nxe4 13. Nxe4 dxe4 14. Ng5 Nf6 15.
Nxe4 Nxe4 16. Bxe4 Bxe4 17. Rxe4 Qd5 18. Qc2 Be7 19. Re5 Qb7 20. d5 Bf6 21. Re2
Qxd5 22. Bb4 Be7 23. Rd1 Qc4 24. Bxe7 Kxe7 25. Qxc4 bxc4 26. Rc1 Rhc8 27. Rec2
Rab8 28. b3 Rb4 29. Kf1 Rc5 30. Rxc4 Rbxc4 31. Rxc4 Rxc4 32. bxc4 e5 33. Ke2 g5
34. Kd3 Ke6 35. g4 a5 36. Ke4 a4 37. c5 a3 38. c6 f6 39. c7 Kd7 40. Kf5 Kxc7 41.
Kxf6 Kd6 42. Kxg5 Kd5 43. Kf5 Kd4 44. g5 Kc3 45. h4 Kb2 46. h5 Kxa2 47. g6 hxg6+
48. hxg6 Kb2 49. g7 a2 50. g8=Q a1=Q 51. Qg3 Kc2 52. Qxe5 Qa7 53. f4 Kd3 54.
Qe4+ Kd2 55. Kg5 Qg1+ 56. Kf6 Qb6+ 57. Qe6 Qd8+ 58. Kg6 Qh4 59. f5 Qg4+ 60. Kf7
Qh5+ 61. Qg6 Qf3 62. f6 Kd1 63. Kg7 Qc3 64. Kh7 Qh3+ 65. Kg8 Qc8+ 66. Kh7 Qh3+
67. Qh6 Qd7+ 68. Qg7 Qh3+ 69. Qh6 Qd7+ 70. Kg6 Qd3+ 71. Kg7 Qd4 72. Qg6 Ke1 73.
Qe8+ Kf1 74. Qe6 Qg1+ 75. Kf8 Qc5+ 76. Ke8 Qb5+ 77. Ke7 Qb7+ 78. Kf8 Qb8+ 79.
Qe8 Qd6+ 80. Qe7 Qb8+ 81. Kf7 Qb3+ 82. Qe6 Qb7+ 83. Kg6 Qg2+ 84. Kf5 Qh3+ 85.
Ke5 Qe3+ 86. Kd5 Qb3+ 87. Kd6 Qb6+ 88. Kd7 Qb7+ 89. Ke8 Qb8+ 90. Ke7 Qc7+ 91.
Kf8 Qb8+ 92. Qe8 Qb4+ 93. Kg7 Qd4 94. Qb5+ Kf2 95. Qf5+ Ke1 96. Qb1+ Kf2 97.
Qc2+ Kf1 98. Qf5+ Ke1 99. Kg6 Qd6 100. Kg5 Qg3+ 101. Qg4 Qe5+ 102. Kg6 Qd6 103.
Qf3 Qe6 104. Kg7 Qe5 105. Kh6 Qd6 106. Kh7 Qh2+ 107. Kg8 Qb8+ 108. Kg7 Qe5 109.
Kg6 Qd6 110. Kg5 Qe5+ 111. Kg4 Qe6+ 112. Kg3 1/2-1/2

[Event "Reykjavik Open 2016"]
[Site "Reykjavik ISL"]
[Date "2016.03.12"]
[Round "6.52"]
[White "Haraldsson, Haraldur"]
[Black "Dougherty, Michael"]
[Result "1-0"]
[BlackTitle "FM"]
[WhiteElo "1988"]
[BlackElo "2169"]
[WhiteFideId "2311100"]
[BlackFideId "2601559"]
[EventDate "2016.03.08"]

1. e4 c5 2. Nc3 g6 3. f4 Bg7 4. Nf3 Nc6 5. Bb5 Nd4 6. Bc4 d6 7. h3 e6 8. O-O Ne7
9. Nxd4 cxd4 10. Ne2 O-O 11. Bb3 Bd7 12. d3 a5 13. a4 b5 14. axb5 Bxb5 15. g4 a4
16. Ba2 Bd7 17. Ng3 Kh8 18. Rf2 f5 19. exf5 exf5 20. g5 Bc6 21. h4 Bd5 22. h5
Bxa2 23. Rxa2 Rf7 24. h6 Bf8 25. c3 Nc6 26. Rxa4 Rxa4 27. Qxa4 Qb6 28. cxd4 d5
29. Rc2 Nb4 30. Rc8 Nxd3 31. Be3 Nxb2 32. Qa8 Qd6 33. Rd8 Qe7 34. Re8 Qd6 35.
Ne2 Nc4 36. Bc1 Kg8 37. Nc3 Nb6 38. Ba3 Nxa8 39. Bxd6 Nb6 40. Bc5 Nd7 41. Nxd5
Nxc5 42. dxc5 Ra7 43. c6 Kf7 44. c7 1-0

[Event "Reykjavik Open 2016"]
[Site "Reykjavik ISL"]
[Date "2016.03.12"]
[Round "6.53"]
[White "Barthel, Ansgar"]
[Black "Freuler, Roman"]
[Result "1-0"]
[WhiteElo "2166"]
[BlackElo "2047"]
[WhiteFideId "4643461"]
[BlackFideId "1304283"]
[EventDate "2016.03.08"]

1. e4 c5 2. Nf3 d6 3. d4 cxd4 4. Nxd4 Nf6 5. Nc3 Nc6 6. Bg5 e6 7. Qd2 Qb6 8. Nb3
Be7 9. O-O-O O-O 10. f3 Rd8 11. Qe1 Rd7 12. h4 Qd8 13. g4 d5 14. e5 Ne8 15. Bxe7
Qxe7 16. f4 a6 17. Na4 Rd8 18. Nb6 Rb8 19. Qe3 Nc7 20. Bd3 Na8 21. Nxa8 Rxa8 22.
h5 Bd7 23. Kb1 Na7 24. c3 Bb5 25. Bc2 Qc7 26. Nd4 Qb6 27. f5 exf5 28. g5 Re8 29.
Qg3 Kh8 30. h6 g6 31. e6 fxe6 32. Qe5+ 1-0

[Event "Reykjavik Open 2016"]
[Site "Reykjavik ISL"]
[Date "2016.03.12"]
[Round "6.54"]
[White "Sigeman, Johan"]
[Black "Danielsson, Robert"]
[Result "1/2-1/2"]
[WhiteElo "2164"]
[BlackElo "2011"]
[WhiteFideId "1705601"]
[BlackFideId "1711490"]
[EventDate "2016.03.08"]

1. c4 Nf6 2. Nc3 d5 3. cxd5 Nxd5 4. Nf3 g6 5. Qa4+ Bd7 6. Qh4 Nxc3 7. dxc3 Bg7
8. Bh6 Bf6 9. Qf4 Nc6 10. e4 e5 11. Qe3 Qe7 12. b4 a6 13. Bc4 Nd8 14. Ng5 Bxg5
15. Qxg5 f6 16. Qd2 Be6 17. Bxe6 Nxe6 18. Be3 Kf7 19. O-O Rhd8 20. Qe2 Rd7 21.
Rfd1 Rad8 22. Kf1 Kg7 23. Ke1 Rxd1+ 24. Rxd1 Rd7 25. Rd5 c6 26. Rxd7 Qxd7 27.
Qd2 Qxd2+ 28. Kxd2 b5 29. Kd3 Kf7 30. f3 Ke7 31. a3 1/2-1/2

[Event "Reykjavik Open 2016"]
[Site "Reykjavik ISL"]
[Date "2016.03.12"]
[Round "6.55"]
[White "Thorgeirsson, Jon Kristinn"]
[Black "Jonsson, Gauti Pall"]
[Result "1/2-1/2"]
[WhiteElo "2157"]
[BlackElo "1996"]
[WhiteFideId "2307731"]
[BlackFideId "2309092"]
[EventDate "2016.03.08"]

1. c4 c5 2. g3 Nc6 3. Bg2 g6 4. e3 Bg7 5. Ne2 e5 6. Nbc3 Nge7 7. b3 O-O 8. Bb2
d6 9. O-O Rb8 10. d4 exd4 11. exd4 Nxd4 12. Nxd4 Bxd4 13. Qd2 Be6 14. Rfe1 Nc6
15. Bxc6 bxc6 16. Ne4 Bxb2 17. Qxb2 f5 18. Nxc5 Bxc4 19. Qc3 Bf7 20. Rad1 d5 21.
Nd3 Qd6 22. Qc5 Qxc5 23. Nxc5 Rfe8 24. Nd7 Rxe1+ 25. Rxe1 Rd8 26. Nc5 Re8 27.
Rxe8+ Bxe8 28. f4 Kf7 29. Kf2 Ke7 30. Ke3 Kd6 31. Kd4 Bd7 32. b4 Be8 33. Nd3 Bd7
34. Ne5 Be8 35. h4 a5 36. a3 axb4 37. axb4 Ke6 38. Nf3 h6 39. Kc5 Bd7 40. Nd4+
Ke7 41. Nb3 Be8 42. Na5 Bd7 43. Nb7 Bc8 44. Na5 Bd7 45. Nb3 Be8 46. Nd4 Bd7 47.
Ne2 Be8 48. Nc3 Bd7 49. Na4 Be8 50. Nb6 Bd7 51. Na8 Be8 52. Nc7 Bd7 53. b5 cxb5
54. Nxd5+ Ke6 55. Nb4 Be8 56. Nd3 Bd7 57. Ne5 Be8 58. Nf3 Bd7 59. Nd4+ Ke7 60.
Nxb5 Bxb5 61. Kxb5 Kd6 62. Kc4 Kc6 1/2-1/2

[Event "Reykjavik Open 2016"]
[Site "Reykjavik ISL"]
[Date "2016.03.12"]
[Round "6.56"]
[White "Hansen, Lars-Henrik Bech"]
[Black "Fransson, Lennart"]
[Result "1-0"]
[WhiteElo "1970"]
[BlackElo "2144"]
[WhiteFideId "1402021"]
[BlackFideId "1706756"]
[EventDate "2016.03.08"]

1. e4 c5 2. Nf3 Nf6 3. Nc3 d5 4. exd5 Nxd5 5. Bc4 e6 6. O-O Be7 7. Ne4 O-O 8. d3
Nc6 9. c3 f5 10. Ng3 Kh8 11. Re1 f4 12. Nh5 Bd6 13. d4 g6 14. dxc5 Bc7 15. Nd4
gxh5 16. Nxe6 Bxe6 17. Rxe6 Nf6 18. Qe2 Qd7 19. b4 Rae8 20. Bb2 Nd8 21. Re1 f3
22. gxf3 Qg7+ 23. Kh1 Rxe6 24. Bxe6 Qg5 25. Bc1 Qh4 26. f4 Re8 27. Qc4 Qxf2 28.
Rf1 Qh4 29. Bd5 Ng4 30. Qd4+ Be5 31. Qd2 Rf8 32. c4 Nh6 33. Re1 Bf6 34. b5 Nf5
35. c6 bxc6 36. bxc6 Nxc6 37. Bxc6 Rd8 38. Bd5 Nd4 39. Qe3 Nf5 40. Qe6 Ng7 41.
Qe2 h6 42. Rg1 Re8 43. Rg6 Qe1+ 44. Qxe1 Rxe1+ 45. Kg2 Kh7 46. Rxf6 Rxc1 47. Ra6
Rc2+ 48. Kf3 Rxh2 49. Rxa7 Rh1 50. c5 1-0